Perfect guide for basic electrical (Record no. 136349)

000 -LEADER
fixed length control field 00239nam a2200097Ia 4500
008 - FIXED-LENGTH DATA ELEMENTS--GENERAL INFORMATION
fixed length control field 220120s9999||||xx |||||||||||||| ||und||
100 ## - MAIN ENTRY--PERSONAL NAME
Personal name Nisha, K
9 (RLIN) 11424
245 #0 - TITLE STATEMENT
Title Perfect guide for basic electrical
260 ## - PUBLICATION, DISTRIBUTION, ETC.
Name of publisher, distributor, etc. New Delhi
300 ## - PHYSICAL DESCRIPTION
Other physical details 125
Holdings
Withdrawn status Lost status Damaged status Not for loan Collection code Home library Current library Date acquired Barcode Date last seen Price effective from Koha item type
        Electronics and Communication Engineering Central Library Central Library 01/20/2022 GF208 01/20/2022 01/20/2022 Gift Books

Powered by Koha